000 00846nam a2200277 i 4500
001 15907
003 ES-MaACL
005 20250901041012.0
007 t|
008 000519s1999 sp ||||1| spa d
020 _a84-339-0588-0
080 _a159.942
080 _a81:1
100 1 _aMarina, José Antonio.
_976822
245 1 0 _aDiccionario de los sentimientos /
_cJosé Antonio Marina y Marisa López Penas.
250 _a2ª ed.
260 _aBarcelona :
_bAnagrama,
_c1999.
300 _a468 p. ;
_c22 cm.
490 1 _aColección Argumentos ;
_v237
650 7 _aEmociones y sentimientos
_2embne
_912196
650 4 _aLenguaje-
_xFilosofía.
_914344
700 1 _aLópez Penas, Marisa.
_973876
830 0 _aColección Argumentos ;
_v237
_9178071
852 _aES-MaACL
_jL-22875
_bR.128056
999 _c15907
_d15907